Science Quiz

Random Science or Geology Quiz
Score 0/16 Timer 06:00
5 Plays Today
% Correct
Subtraction
95.9%
Tibia
92.8%
Inner Core
92.1%
Solid
91.9%
Incisor
91.7%
Occipital
83.3%
Adenine
81.9%
Parabola
81.7%
% Correct
Carat Weight
78.6%
Ganymede
74.7%
Hadean
59.8%
Epithelial
58.1%
Strong
55%
Anthracite
52.2%
Static
38.6%
Cold
25.3%
Remove Ads.
Support Sporcle.
Get the best of Sporcle when you Go Orange. This ad-free experience offers more features, more stats, and more fun while also helping to support Sporcle. Thank you for becoming a member.

You're not logged in!

Compare scores with friends on all Sporcle quizzes.
OR
Log In

Show Comments

Extras

Top Quizzes Today


Score Distribution

Your Account Isn't Verified!

In order to create a playlist on Sporcle, you need to verify the email address you used during registration. Go to your Sporcle Settings to finish the process.

Report this User

Report this user for behavior that violates our Community Guidelines.

Details: